Chcete vstoupit do světa e-obchodu (má to svá rizika a chce to strategii!))
Základné charakteristiky moderného podniku. Stratégia e-obchodu. Kľúčové body elektronického obchodovania.
Salvato in:
| Autore principale: | |
|---|---|
| Natura: | Capitolo di libro |
| Lingua: | ceco |
| Soggetti: | |
| Tags: |
Nessun Tag, puoi essere il primo ad aggiungerne!!
|
MARC
| LEADER | 00000naa a2200000 4500 | ||
|---|---|---|---|
| 001 | r044564 | ||
| 005 | 20231002103922.6 | ||
| 041 | 0 | |a cze | |
| 044 | |a CZ | ||
| 245 | 1 | 0 | |a Chcete vstoupit do světa e-obchodu |b (má to svá rizika a chce to strategii!)) |c Petr Kučera |
| 520 | |a Základné charakteristiky moderného podniku. Stratégia e-obchodu. Kľúčové body elektronického obchodovania. | ||
| 610 | 2 | 0 | |a obchod elektronický |
| 610 | 2 | 0 | |a stratégia obchodná |
| 610 | 2 | 0 | |a internet |
| 610 | 2 | 0 | |a technológie informačné |
| 610 | 2 | 0 | |a technológie komunikačné |
| 610 | 2 | 0 | |a komunikácia |
| 610 | 2 | 0 | |a zákazníci |
| 610 | 2 | 0 | |a firmy |
| 100 | 1 | |a Kučera, Petr | |